00716nam a2200145 a 450000100100000000500170001000800410002704000250006808200160009310000480010924501540015726000370031130000190034850002030036700002837320260521073716.0110408s1994 dr 000 0 spa d aDO-SdBNPbspacBNPHU axxxxbG943p1 aSang, Mu-Kien A. d1955-q(Mu-Kien Adriana)10aGuía para enfrentar la globalización :bla Asociación de Estados del Caribe como respuesta de la República Dominicana /cpor Miguel Sang Ben. aSanto Domingo :b[s. n.],c1994. a8 p. ;c22 cm. aCnoferencia dictada ante el Instituto de Contadores Públicos Autorizados de la República Dominicana en ocasión del "Día del contador" el 29 de julio de 1994, Santo Domingo, Distrito Nacional